Mechanics of structural elements : theory and applications /

Bibliographic Details
Main Author: Slivker, V. I. (Vladimir Isaevich)
Corporate Author: SpringerLink (Online service)
Format: eBook
Language:English
Published: Berlin ; New York : Springer, [2007]
Series:Foundations of engineering mechanics.
Subjects:
Online Access:Connect to the full text of this electronic book

MARC

Tag First Indicator Second Indicator Subfields
LEADER 00000cam a2200000Ia 4500
001 in00002375821
005 20210803091236.0
006 m d
007 cr cn|||||||||
008 071223s2007 gw a sb 001 0 eng d
020 |a 3540447210 
020 |a 9783540447214 
029 1 |a AU@  |b 000042133800 
035 |a (OCoLC)185026795 
035 |a (OCoLC)ocn185026795 
037 |a 978-3-540-44718-4  |b Springer  |n http://www.springerlink.com 
040 |a GW5XE  |c GW5XE  |d GW5XE  |d UtOrBLW 
049 |a TEFA 
050 1 4 |a TA646  |b .S576 2007eb 
072 7 |a TA  |2 lcco 
082 0 4 |a 624.1/71  |2 22 
100 1 |a Slivker, V. I.  |q (Vladimir Isaevich)  |0 http://id.loc.gov/authorities/names/n2003003039 
245 1 0 |a Mechanics of structural elements :  |b theory and applications /  |c V. Slivker. 
264 1 |a Berlin ;  |a New York :  |b Springer,  |c [2007] 
264 4 |c ©2007 
300 |a xxvii, 786 pages :  |b illustrations ;  |c 24 cm. 
336 |a text  |b txt  |2 rdacontent 
337 |a computer  |b c  |2 rdamedia 
338 |a online resource  |b cr  |2 rdacarrier 
490 1 |a Foundations of engineering mechanics,  |x 1612-1384 
500 |a "This book systematically presents variational principles and methods of analysis for applied elasticity and structural mechanics"--P. [4] of cover. 
500 |a Electronic resource. 
504 |a Includes bibliographical references and indexes. 
533 |a Electronic reproduction.  |b New York :  |c Springer,  |d 2007.  |n Mode of access: World Wide Web.  |n System requirements: Web browser.  |n Title from title screen (viewed on Dec. 13, 2007).  |n Access may be restricted to users at subscribing institutions. 
650 0 |a Structural analysis (Engineering)  |x Mathematical models.  |0 http://id.loc.gov/authorities/subjects/sh2010114736 
655 7 |a Electronic books.  |2 local 
710 2 |a SpringerLink (Online service)  |0 http://id.loc.gov/authorities/names/no2005046756 
776 1 |c Original  |z 9783540447184  |z 3540447180  |w (OCoLC)75927408 
830 0 |a Foundations of engineering mechanics.  |x 1612-1384  |0 http://id.loc.gov/authorities/names/no99032134 
856 4 0 |u http://proxy.library.tamu.edu/login?url=https://dx.doi.org/10.1007/978-3-540-44721-4  |z Connect to the full text of this electronic book  |t 0 
994 |a C0  |b TEF 
999 |a MARS 
999 f f |s d6842edd-35d2-3f8f-8373-500b4983b57f  |i 344a3f30-2cb0-3634-817f-8b6450b5dade  |t 0 
952 f f |a Texas A&M University  |b College Station  |c Electronic Resources  |d Available Online  |t 0  |e TA646 .S576 2007eb  |h Library of Congress classification 
998 f f |a TA646 .S576 2007eb  |t 0  |l Available Online